000 00492nam a2200181Ia 4500
003 GCL
008 140319s9999 xx 000 0 eng d
040 _aGCL /
_cGCL
082 0 4 _a.
_b658.575
_bSD
100 1 _aSMITH, PRESTIONG
245 1 0 _aDEVELOPING PRODUCTS IN HALF THE TIME /
_cSMITH, PRESTIONG
700 1 _aRENRTAEN, DONALDG
260 _a[S.N] :
_bVAN NOSTRAND REINHOLD ،
_c1991
300 _a295
650 0 4 _aPRODUCT - MANAGEMENT
650 0 4 _aNEW PRODUCTS
942 _2ddc
_cBK
999 _c11546
_d11546